| 000 | 00964nam a2200289 i 4500 | ||
|---|---|---|---|
| 001 | bg | ||
| 245 | 0 | 0 |
_aAnalizy metodologiczne w nauce / _cpod red. nauk. Teresy Grabińskiej, Mirosława Zabierowskiego. |
| 246 | 1 | 1 | _aMethodological analysis in science |
| 260 |
_aWrocław : _bOficyna Wydawnicza Politechniki Wrocławskiej, _c1997. |
||
| 300 |
_a135, [2] s. : _b1 wykr. ; _c24 cm. |
||
| 490 | 1 |
_aCosmos-Logos ; _vT.4 |
|
| 500 | _aTyt. równol.: Methodological analysis in science. - Tekst. częśc. ang. - Streszcz. ang. | ||
| 504 | _aBibliogr. przy rozdz. | ||
| 650 | 9 |
_aMetodologia _xzagadnienia |
|
| 650 | 9 |
_aLogika _xzagadnienia |
|
| 650 | 9 |
_aNauka _xfilozofia |
|
| 700 | 1 |
_aGRABIŃSKA, Teresa. _eRed. |
|
| 700 | 1 |
_aZABIEROWSKI, Mirosław. _eRed. |
|
| 830 | _aCosmos-Logos ; | ||
| 020 | _a8370853072 | ||
| 040 | _cBPK | ||
| 041 | 0 | _aenpl | |
| 080 | _a16 | ||
| 920 | _a83-7085-307-2 | ||
| 942 | _cKS | ||
| 008 | s pl f |000 0 pol | ||
| 999 |
_c33171 _d33171 |
||
| 856 |
_uhttp://koha.tu.koszalin.pl/cgi-bin/koha/opac-detail.pl?biblionumber=33171 _yKatalog online BPK |
||